| 000 | 01156cam a2200229 4500 | ||
|---|---|---|---|
| 001 | WB3823-04 | ||
| 008 | 020626n2002 000 0 eng u | ||
| 035 | _a(Sirsi) u118538 | ||
| 245 | _aBest construction prospects for 40 years | ||
| 260 | _c2002 | ||
| 490 |
_aConstruction Products Association Press Release _v 24 June 2002, (2) |
||
| 520 | _aThe Construction Products Association has forecast that construction output growth is set to outperform the general economy for four consecutive years, for the first time in 40 years. Growth is predicted to average 3.5% per year, dependant on Government plans for greater investment in social housing, schools, hospitals and transport. However, doubts over Governmentαs ability to deliver ambitious spending plans have been raised, due to uneven implementation of the Government initiatives. http://www.constprod.org.uk/download/pr/cf%2021.06.02.doc | ||
| 590 | _aWB | ||
| 650 | _aCONSTRUCTION OUTPUT | ||
| 650 | _aCONSTRUCTION GROWTH | ||
| 650 | _aFORECASTS | ||
| 650 | _aECONOMY | ||
| 650 | _aGOVERNMENT SPENDING | ||
| 650 | _aCONSTRUCTION SECTOR | ||
| 690 | _aBUILT ENVIRONMENT | ||
| 942 | _n0 | ||
| 999 |
_c70583 _d70583 |
||